Las democracias malas de Centroamérica: para entender lo de Honduras, una introducción a Centroamérica /
En Centroamérica, el arribo a la democracia electoral no fue, salvo en el caso de Costa Rica, la restauración de una tradición interrumpida, sino una instauración que ocurrió en circunstancias especiales: en medio de una crisis económica severa y en un contexto de conflicto armado. Esto fue así incl...
Na minha lista:
| Autor principal: | |
|---|---|
| Formato: | Texto |
| Assuntos: | |
| Tags: |
Adicionar Tag
Sem tags, seja o primeiro a adicionar uma tag!
|
MARC
| LEADER | 00000 a a2200000 04500 | ||
|---|---|---|---|
| 001 | 40525 | ||
| 003 | |||
| 040 | |||
| 100 | |a Torres-Rivas, Edelberto | ||
| 245 | |a Las democracias malas de Centroamérica: |b para entender lo de Honduras, una introducción a Centroamérica / |c Edelberto Torres-Rivas | ||
| 520 | |a En Centroamérica, el arribo a la democracia electoral no fue, salvo en el caso de Costa Rica, la restauración de una tradición interrumpida, sino una instauración que ocurrió en circunstancias especiales: en medio de una crisis económica severa y en un contexto de conflicto armado. Esto fue así incluso en Honduras, que no tuvo una fuerte guerrilla en su territorio pero que funcionó como refugio y base de aprovisionamiento para las fuerzas contrainsurgentes. El resultado son democracias creadas desde arriba que, aunque han logrado mantener la continuidad electoral, están lejos de resolver los problemas de desigualdad y pobreza que afectan a la mayoría de la población. El artículo sostiene que, para entender el golpe de Estado en Honduras, es necesario analiza los déficits y desafíos de las "democracias" de Centroamérica. | ||
| 590 | |a DISEMINAR012011/RRA/FEBRERO2011 | ||
| 650 | |a GOLPE DE ESTADO | ||
| 650 | |a HONDURAS | ||
| 650 | |a DEMOCRACIA | ||
| 650 | |a AMERICA CENTRAL | ||
| 650 | |a DESIGUALDAD SOCIAL | ||
| 773 | |g número226 (2010), páginas 52-66 : tablas | ||
| 999 | |c 23677 |d 23677 | ||
